LEADER 01968nam0 22004813i 450 001 SBL0268117 005 20251003044351.0 020 $aIT$b644788 100 $a19910930d1964 ||||0itac50 ba 101 | $aita 102 $ait 181 1$6z01$ai $bxxxe 182 1$6z01$an 183 1$6z01$anc$2RDAcarrier 200 1 $aStoria, mafia e costume in Sicilia$fVirgilio Titone 210 $aMilano$cEdizioni del Milione$d1964 215 $a308 p.$d21 cm. 225 | $aPolemica$v7 314 $a<1905-1989>$9CFIV115045 410 0$1001RAV0094660$12001 $aPolemica$v7 606 $aSicilia$xStoria$x1860-1866$2FIR$3SBLC006113$9I 606 $aMafia$xStoria$2FIR$3CFIC095609$9E 676 $a364.10609458$9CRIMINE ORGANIZZATO. Sicilia$v23 676 $a945.8$9STORIA. SICILIA E ISOLE ADIACENTI$v21 686 $aIT/X423.4$cGRANDE CRIMINALITA COMUNE ORGANIZZATA ITALIA$2R 686 $aSIC/X5.0$cSTORIE GENERALI SICILIA$2R 686 $aX0.8/1960$cCONFERENZE CONGRESSI E CONVEGNI (ATTI DI) 1960$2R 696 $aAssociazioni mafiose$aMaffia$aOrganizzazioni mafiose$aCosa nostra 699 $aMafia$yAssociazioni mafiose 699 $aMafia$yMaffia 699 $aMafia$yOrganizzazioni mafiose 699 $aMafia$yCosa nostra 700 1$aTitone$b, Virgilio$3CFIV115045$4070$0127378 801 3$aIT$bIT-000000$c19910930 850 $aIT-BN0095 $aIT-NA0079 $aIT-NA0581 901 $bNAP FC$cCONTINUAZ.$n$ 901 $bNAP BN$cF.PONTIERI$nIl Fondo è escluso dal servizio di prestito. La consegna dei documenti è effettuata dall'Ufficio Distribuzione 901 $bNAP 01$cDEMARCO $n$ 912 $aSBL0268117 950 0$aBiblioteca Centralizzata di Ateneo$c1 v.$d 01DEMARCO MON. 541$e 01 0000102405 VMA 1 v.$fA $h20230510$i20241017 977 $a 01$a BN$a FC 996 $aStoria mafia e costume in Sicilia$9998793 997 $aUNISANNIO